Estación al Pacífico: acercamiento a la integración modal del transporte en la ciudad de San José, caso de la Estación al Pacífico
Guardado en:
| Hovedforfatter: | |
|---|---|
| Andre forfattere: | |
| Format: | Bog |
| Sprog: | Spanish |
| Udgivet: |
[San José , Costa Rica]
2019
|
| Fag: |
URBANISMO - SAN JOSE (COSTA RICA)
> DISEÑO ARQUITECTONICO - SAN JOSE (COSTA RICA)
> ESTACIONES DE FERROCARRIL - SAN JOSE (COSTA RICA) - DISEÑOS Y PLANOS
> TRANSPORTE URBANO - PLANIFICACION - SAN JOSE (COSTA RICA)
> ARQUITECTURA DE ESTACIONES DE FERROCARRIL - DISEÑOS Y PLANOS
> ARQUITECTURA DE ESTACIONES DE FERROCARRIL - DISEÑOS Y PLANOS
> ESTACIONES DE FERROCARRIL - HISTORIA
> PATRIMONIO ARQUITECTONICO
> VIDA URBANA
|
| Tags: |
Tilføj Tag
Ingen Tags, Vær først til at tagge denne postø!
|
MARC
| LEADER | 00000nam a22000007a 4500 | ||
|---|---|---|---|
| 003 | EA0248 | ||
| 005 | 20230307075622.0 | ||
| 008 | 190702b2019 c a|||| |m|| 00| ||spa d | ||
| 040 | |c cru CEDI | ||
| 100 | |9 17335 |a Mora Castrillo, Alejandra | ||
| 245 | |a Estación al Pacífico: acercamiento a la integración modal del transporte en la ciudad de San José, caso de la Estación al Pacífico | ||
| 260 | |a [San José , Costa Rica] |c 2019 | ||
| 500 | |a Proyecto de graduación (licenciatura en arquitectura)--Universidad de Costa Rica. Facultad de Ingeniería. Escuela de Arquitectura | ||
| 501 | |a Directora de Proyecto de Graduación: Dra. Helga von Breymann Miranda, Arquitecta | ||
| 650 | |x URBANISMO - SAN JOSE (COSTA RICA) |x DISEÑO ARQUITECTONICO - SAN JOSE (COSTA RICA) |x ESTACIONES DE FERROCARRIL - SAN JOSE (COSTA RICA) - DISEÑOS Y PLANOS |x TRANSPORTE URBANO - PLANIFICACION - SAN JOSE (COSTA RICA) |x ARQUITECTURA DE ESTACIONES DE FERROCARRIL - DISEÑOS Y PLANOS |x ARQUITECTURA DE ESTACIONES DE FERROCARRIL - DISEÑOS Y PLANOS |x ESTACIONES DE FERROCARRIL - HISTORIA |x PATRIMONIO ARQUITECTONICO |x VIDA URBANA |9 17336 | ||
| 700 | |9 129 |a Breymann Miranda, Helga von, 1982- |d Directora del TFG | ||
| 942 | |c CEDI |h TFG EA-248 |6 TFG_EA248 | ||
| 999 | |c 21725 |d 21725 | ||
